000 03515cam a22006974i 4500
003 PE-LiUPU
005 20250731165613.0
008 150706s2008 mx a r 000 0 ||| d
020 _a9789708170864
035 _a(Sirsi) i9789708170964
040 _aPE-LiUPU
_bspa
_cPE-LiUPU
_erda
049 _aPRUA
082 0 4 _a624.03
_bR71
_221
100 1 _aRobb, Louis A.,
_eautor.
245 1 0 _aDiccionario para ingenieros :
_bespañol-inglés e inglés-español /
_cLouis A. Robb.
250 _aTercera edición.
264 1 _aMéxico :
_bGrupo Editorial Patria,
_c2008.
300 _a615 páginas ;
_c22 centímetros
336 _atext
_2rdacontent
337 _aunmediated
_2rdamedia
338 _avolume
_2rdacarrier
500 _aEngineers' dictionary : spanish-english and english-spanish -- Título en inglés.
505 0 _aDiccionario inglés - español, español - inglés para ingenieros de A - Z.
526 _aSEG44
526 _aSEG26
526 _aP151
526 _aP150
526 _aP149
526 _aP146
526 _aP145
526 _aP126
526 _aP125
526 _aP92
526 _aP75
526 _aP74
526 _aP27
526 _aP15
526 _iPrograma académico :
_5PE-LIPU
541 _g001-0035385;
541 _g0001-0042197;
650 0 4 _aIngeniería civil
_vDiccionarios.
650 0 4 _aIngeniería hidráulica
_vDiccionarios.
650 0 4 _aInglés
_xEspañol
_vDiccionarios.
650 0 4 _aEspañol
_xinglés
_vDiccionarios.
910 _agl
_bjv
_cng
_d20120413
910 _aC0
_bPEPRU
910 _adbm
_bjpc
_cjpc
_d20171031
942 _2ddc
_cBOOK
949 _a624.03 R71
_wDEWEY
_c1
_i64979
_lCCODEBUL1
_mBUL
_p19.00
_r0
_sY
_tBOOK
_u2015-7-6
_xINGENIERIA
_PP24
_o.STAFF. Colección General
949 _a624.03 R71 2011
_wDEWEY
_c1
_iFJ08747
_lCCODEBUL1
_mBUL
_p19.00
_r0
_sY
_tBOOK
_u2015-7-8
_xINGENIERIA
_PP25
_o.STAFF. Colección General Juliaca
949 _a624.03 R71 2011
_wDEWEY
_c2
_iFJ08748
_lCCODEBUL1
_mBUL
_p19.00
_r0
_sY
_tBOOK
_u2015-7-8
_xINGENIERIA
_PP25
_o.STAFF. Colección General Juliaca
994 _ctqv
_d20170908
596 _a1 3
999 _aRC 624.03 R71
_wDEWEY
_c53680
_i64979
_d53680
_e2016-8-23
_f2021-11-9
_g7
_lCCODEBUL1
_mBUL
_n1
_p19.00
_q1
_r0
_sY
_tBOOK
_u2015-7-6
_xINGENIERIA
_PP24
_0COMPRA
_o.STAFF. Colección General
999 _aRC 624.03 R71
_wDEWEY
_c2
_i76963
_d2018-11-23
_f2021-11-9
_g6
_lCCODEBUL1
_mBUL
_p27.00
_q1
_r0
_sY
_tBOOK
_u2017-10-31
_xINGENIERIA
_PP25
_0COMPRA
_o.STAFF. Colección Ingeniería y Arquitectura
999 _aRC 624.03 R71
_wDEWEY
_c3
_i76964
_f2021-11-9
_g5
_lCCODEBUL1
_mBUL
_p27.00
_r0
_sY
_tBOOK
_u2017-10-31
_xINGENIERIA
_PP25
_0COMPRA
_o.STAFF. Colección Ingeniería y Arquitectura
999 _aRC 624.03 R71
_wDEWEY
_c4
_i76965
_d2018-11-19
_f2021-11-9
_g5
_lCCODEBUL1
_mBUL
_p27.00
_q3
_r0
_sY
_tBOOK
_u2017-10-31
_xINGENIERIA
_PP25
_0COMPRA
_o.STAFF. Colección Ingeniería y Arquitectura
999 _a624.03 R71 2011
_wDEWEY
_c1
_iFJ08747
_d2019-11-20
_e2019-8-9
_f2022-1-26
_g3
_lCCODEBUJ1
_mBUJ
_n1
_p19.00
_q3
_r0
_sY
_tBOOK
_u2017-9-8
_xINGENIERIA
_PP25
_0COMPRA
_o.STAFF. Colección General Juliaca
999 _a624.03 R71 2011
_wDEWEY
_c2
_iFJ08748
_d2019-4-30
_e2019-4-22
_f2022-1-26
_g4
_lCCODEBUJ1
_mBUJ
_n1
_p19.00
_q3
_r0
_sY
_tBOOK
_u2017-9-8
_xINGENIERIA
_PP25
_0COMPRA
_o.STAFF. Colección General Juliaca
980 _81
_gALBERTO SANCHEZ Responsable de Automatización